Handbook of heterocyclic chemistry (Record no. 1212798)

MARC details
000 -LEADER
fixed length control field 01026nam a2200301Ia 4500
003 - CONTROL NUMBER IDENTIFIER
control field OSt
005 - DATE AND TIME OF LATEST TRANSACTION
control field 20221007124019.0
008 - FIXED-LENGTH DATA ELEMENTS--GENERAL INFORMATION
fixed length control field 221006b |||||||| |||| 00| 0 eng d
020 ## - INTERNATIONAL STANDARD BOOK NUMBER
International Standard Book Number 9788131220320 (hbd)
037 ## - SOURCE OF ACQUISITION
Terms of availability Textbook
040 ## - CATALOGING SOURCE
Original cataloging agency CDL
Transcribing agency CDL
Language of cataloging eng
041 ## - LANGUAGE CODE
Source of code eng
Language code of text/sound track or separate title eng
100 ## - MAIN ENTRY--PERSONAL NAME
Personal name Katritzky Alan R
9 (RLIN) 718310
245 #0 - TITLE STATEMENT
Title Handbook of heterocyclic chemistry
Remainder of title Pozharskii Alexander F
250 ## - EDITION STATEMENT
Edition statement 2
260 ## - PUBLICATION, DISTRIBUTION, ETC.
Place of publication, distribution, etc. Noida
Name of publisher, distributor, etc. Elsevier
Date of publication, distribution, etc. 2000
300 ## - PHYSICAL DESCRIPTION
Extent xxiii, 734p.
Dimensions cm.
500 ## - GENERAL NOTE
General note Appendix A-D, 687-708p.; References 705-708p.; Index 709-734p.
650 ## - SUBJECT ADDED ENTRY--TOPICAL TERM
Topical term or geographic name entry element Heterocyclic chemistry
9 (RLIN) 717996
650 ## - SUBJECT ADDED ENTRY--TOPICAL TERM
Topical term or geographic name entry element Chemistry
700 ## - ADDED ENTRY--PERSONAL NAME
Personal name Pozharskii Alexander F
9 (RLIN) 718311
942 ## - ADDED ENTRY ELEMENTS (KOHA)
Classification part E8g, P0 Carc
Koha item type Textbook
Source of classification or shelving scheme Colon Classification (CC)
Holdings
Withdrawn status Lost status Source of classification or shelving scheme Damaged status Not for loan Home library Current library Date acquired Source of acquisition Total Checkouts Full call number Barcode Date last seen Price effective from Koha item type Public note
    Colon Classification (CC)     Department of Chemistry Library Department of Chemistry Library 2022-10-07 1268, 12/03/2009, Educational Book Agency (India)   E8g P0 Carc CD0007755 2022-10-07 2022-10-07 Textbook {Indian reprint, 2009}
Copyright @ Delhi University Library System